| 000 | 01156nam1a22002651 4500 | ||
|---|---|---|---|
| 001 | rc\2877766 | ||
| 005 | 20110718124052.3 | ||
| 035 | _a(NLR Aleph) 007030795 | ||
| 090 |
_a6001136 _c6001137 |
||
| 100 | _a20110718d1929 |||y0rusy50 ca | ||
| 101 | 0 | _arus | |
| 102 | _aRU | ||
| 105 | _ay z ||||| | ||
| 200 | 1 |
_aГражданская архитектура _eКонструкции отдельных частей зданий. Часть 1- _eс 674 черт. на 70 л. _fГерольский, С.М., проф., гражд. инж. |
|
| 205 | _a2-е изд., доп. | ||
| 210 |
_aМосква _cГос. техн. изд-во _d1929 _eЛенинград _gТипо-литогр. "Красный печатник" |
||
| 215 | _d26х18 см | ||
| 225 | 1 |
_aБ _v№ 3-46 _aСерия 4. Инженерно-промышленная библиотека |
|
| 300 | _aВ картонном переплете с коленкоровым корешком | ||
| 700 | 1 |
_aГерольский _bС. М. _f1881- _gСергей Михайлович |
|
| 801 | 0 |
_aRU _bNLR _gpsbo |
|
| 801 | 1 |
_aRU _bELAR _2rusmarc |
|
| 852 |
_aNLR _j70/82(46) |
||
| 942 | _cBOOK | ||
| 980 | _aNB | ||